00943nam a22002177a 4500999001700000003000800017008004100025037000800066039004200074040003500116080001300151100003400164245015500198260008400353300001600437650004200453655002200495710005900517942001200576952013700588 c43927d43927BI-BuBU210112b2 b fr|||| 00| 0 fre d bDon a20210112111305.0bFulgence Hakizimana aBI-BuBUbfrecBI-BuBUdBI-BuBU a517.98 .104aut.aNdayiragije, François10aSyllabus du cours de : Analyse fonctionnelle, Bac III : Maths, volume horaire : 60heures(45h de théorie et 15 h d'exercices)cFrançois Ndayiragije aBujumburabUniversité du Burundi, Faculté des sciences, BacIII :Mathsc2020 a82p.c30 Cm 72BI-BuBUaAnalyse fonctionnelle984449 72BI-BuBUbSyllabus 4aut.aUniversité du BurundibFaculté des sciences. 2udccBK 00102udc4071969773aBCbBCd2021-01-12eDon de l'auteurl0oR.517.98 NDA.Sp5010000713270r2021-01-12t1w2021-01-12yBKi238385